Analytical study of optical transfer system factor "Illuminator-smoke filled air-receiver"; Энерго-ресурсоэффективность в интересах устойчивого развития

Detalles Bibliográficos
Parent link:Энерго-ресурсоэффективность в интересах устойчивого развития.— 2018.— [С. 44-45]
Autor Principal: Panin V. F. Vladimir Filippovich
Autor Corporativo: Национальный исследовательский Томский политехнический университет Школа базовой инженерной подготовки Отделение общетехнических дисциплин
Outros autores: Dashkovskiy A. G. Anatoliy Georgievich
Summary:Заглавие с экрана
Idioma:inglés
Publicado: 2018
Series:Энергосбережение и повышение энергетической эффективности в строительстве и коммунальном хозяйстве
Subjects:
Acceso en liña:http://earchive.tpu.ru/handle/11683/52111
Formato: MixedMaterials Electrónico Capítulo de libro
KOHA link:https://koha.lib.tpu.ru/cgi-bin/koha/opac-detail.pl?biblionumber=628744

MARC

LEADER 00000naa2a2200000 4500
001 628744
005 20231101133527.0
035 |a (RuTPU)RU\TPU\conf\29016 
035 |a RU\TPU\conf\29010 
090 |a 628744 
100 |a 20181210d2018 k y0rusy50 ba 
101 0 |a eng 
102 |a RU 
105 |a y z 101zy 
135 |a drgn ---uucaa 
181 0 |a i  
182 0 |a b 
200 1 |a Analytical study of optical transfer system factor "Illuminator-smoke filled air-receiver"  |f V. F. Panin, A. G. Dashkovskiy 
203 |a Текст  |c электронный 
225 1 |a Энергосбережение и повышение энергетической эффективности в строительстве и коммунальном хозяйстве 
230 |a 1 компьютерный файл (pdf; 574 Kb) 
300 |a Заглавие с экрана 
320 |a [Библиогр.: с. 45 (3 назв.)] 
463 0 |0 (RuTPU)RU\TPU\conf\28968  |t Энерго-ресурсоэффективность в интересах устойчивого развития  |o сборник научных трудов международной научной конференции, г. Томск, 12–16 ноября 2018 г.  |f Национальный исследовательский Томский политехнический университет (ТПУ)  |v [С. 44-45]  |d 2018 
610 1 |a электронный ресурс 
610 1 |a труды учёных ТПУ 
610 1 |a аналитические исследования 
610 1 |a воздухоприемники 
610 1 |a пожары 
610 1 |a детекторы 
610 1 |a дым 
610 1 |a осветители 
700 1 |a Panin  |b V. F.  |c Doctor of technical sciences  |c Professor of Tomsk Polytechnic University (TPU)  |f 1940-  |g Vladimir Filippovich  |2 stltpush  |3 (RuTPU)RU\TPU\pers\30164 
701 1 |a Dashkovskiy  |b A. G.  |c a specialist in the field of ecology and life safety  |c associate Professor of Tomsk Polytechnic University, candidate of technical Sciences  |f 1953-  |g Anatoliy Georgievich  |2 stltpush  |3 (RuTPU)RU\TPU\pers\35091 
712 0 2 |a Национальный исследовательский Томский политехнический университет  |b Школа базовой инженерной подготовки  |b Отделение общетехнических дисциплин  |h 8035  |2 stltpush  |3 (RuTPU)RU\TPU\col\23550 
801 2 |a RU  |b 63413507  |c 20181218  |g RCR 
856 4 |u http://earchive.tpu.ru/handle/11683/52111 
942 |c BK